[Event "Manhem IM Swiss"]
[Site "?"]
[Date "1999.06.20"]
[Round "9"]
[White "Sammalvuo, Tapani"]
[Black "Akesson, Joel"]
[Result "1-0"]
[WhiteElo "2413"]
[BlackElo "2223"]
[PlyCount "71"]
[EventDate "1999.06.12"]
[EventRounds "9"]

1. d4 d5 2. c4 c6 3. cxd5 cxd5 4. Nf3 Nf6 5. Nc3 Nc6 6. Bf4 a6 7. Rc1 Bf5 8. e3
e6 9. Qb3 Ra7 10. Ne5 Nxe5 11. Bxe5 Nd7 12. Be2 Be7 13. Bxg7 Rg8 14. Bh6 Rxg2
15. Bf4 Rg8 16. Bg3 Kf8 17. O-O Bd6 18. Kh1 Bxg3 19. fxg3 Qg5 20. Rf4 Kg7 21.
Rcf1 Bg6 22. Qa3 Raa8 23. Qd6 Qd8 24. Bg4 Re8 25. h4 h5 26. Bd1 Rc8 27. Ba4 Rc7
28. R1f2 f6 29. g4 e5 30. Nxd5 exf4 31. Nxc7 fxe3 32. Re2 b5 33. Bb3 Kh7 34.
Nxe8 Qxe8 35. Qe6 Qa8+ 36. Bd5 1-0

[Event "Manhem IM Swiss"]
[Site "?"]
[Date "1999.06.20"]
[Round "9"]
[White "Svensson, Bengt"]
[Black "Bekker-Jensen, Simon"]
[Result "1/2-1/2"]
[WhiteElo "2376"]
[BlackElo "2360"]
[PlyCount "25"]
[EventDate "1999.06.12"]
[EventRounds "9"]

1. e4 c5 2. Nf3 d6 3. d4 Nf6 4. Nc3 cxd4 5. Nxd4 a6 6. Bg5 e6 7. f4 Nc6 8. e5
h6 9. Bh4 Nxd4 10. Qxd4 dxe5 11. Qxd8+ Kxd8 12. fxe5 g5 13. Bg3 1/2-1/2

[Event "Manhem IM Swiss"]
[Site "?"]
[Date "1999.06.20"]
[Round "9"]
[White "Polej, Vladimir"]
[Black "Schneider, Stefan"]
[Result "1-0"]
[WhiteElo "2386"]
[BlackElo "2335"]
[PlyCount "121"]
[EventDate "1999.06.12"]
[EventRounds "9"]

1. Nf3 Nf6 2. g3 d5 3. Bg2 c6 4. O-O Bf5 5. d3 Nbd7 6. Nh4 Bg4 7. h3 Bh5 8. Qe1
e5 9. e4 dxe4 10. dxe4 Bc5 11. b4 Bd4 12. c3 Bb6 13. Na3 O-O 14. Nc4 Bc7 15. a4
Re8 16. Ra2 Re6 17. Bg5 h6 18. Be3 Qf8 19. a5 b5 20. axb6 axb6 21. Rxa8 Qxa8
22. Qa1 Re8 23. Qb2 Qa6 24. Nd2 Ra8 25. g4 Bg6 26. Nxg6 fxg6 27. Qb3+ Kh7 28.
Qe6 Qb7 29. g5 Re8 30. Qc4 b5 31. Qd3 hxg5 32. Nf3 g4 33. Ng5+ Kh8 34. hxg4 Nb6
35. Bf3 Nc4 36. Kg2 Qc8 37. Kg3 Kg8 38. Rh1 Rd8 39. Qf1 Nxe3 40. fxe3 Kf8 41.
Qb1 Ke7 42. Qb3 Rf8 43. c4 bxc4 44. Qxc4 Bd6 45. Ra1 Qd7 46. Ra6 Nd5 47. exd5
e4+ 48. Kf2 Rxf3+ 49. Nxf3 Qxg4 50. Nd4 Bg3+ 51. Kf1 Qh3+ 52. Ke2 Qg2+ 53. Kd1
Qg1+ 54. Kc2 Qxe3 55. Qc5+ Kf6 56. Qxc6+ Ke5 57. Qe6+ Kf4 58. Qf7+ Kg4 59.
Rxg6+ Kh3 60. Qf1+ Kh2 61. Qe2+ 1-0

[Event "Manhem IM Swiss"]
[Site "?"]
[Date "1999.06.20"]
[Round "9"]
[White "Hagesaether, Pal Vegard"]
[Black "Westerinen, Heikki"]
[Result "0-1"]
[WhiteElo "2285"]
[BlackElo "2399"]
[PlyCount "110"]
[EventDate "1999.06.12"]
[EventRounds "9"]

1. c4 e5 2. g3 Nc6 3. Bg2 g6 4. Nc3 Bg7 5. Nf3 Nge7 6. d3 O-O 7. O-O Nd4 8.
Nxd4 exd4 9. Nd5 Nxd5 10. cxd5 c5 11. e4 dxe3 12. fxe3 d6 13. Rb1 a5 14. e4 b5
15. Be3 Qb6 16. Qd2 b4 17. Rf4 Ba6 18. Bh3 Ra7 19. Rbf1 Qb5 20. Rd1 Rc7 21. Bf1
Qa4 22. b3 Qd7 23. Be2 Bc3 24. Qc2 Be5 25. Rf2 Bb5 26. d4 cxd4 27. Bxb5 Qe7 28.
Bc6 dxe3 29. Rf3 Qg5 30. Qe2 f5 31. Qxe3 f4 32. Qd2 Rcf7 33. Rdf1 Qg4 34. h3
Qxh3 35. gxf4 Qg4+ 36. Qg2 Qxg2+ 37. Kxg2 Rxf4 38. Rxf4 Bxf4 39. Bd7 Kg7 40.
Rf2 h5 41. Rc2 Kf6 42. Rc6 Kg5 43. Ra6 Kh4 44. Rc6 Be5 45. Rc2 Rf4 46. Re2 Bd4
47. Be8 Kg5 48. Kh3 Rf3+ 49. Kg2 Kf4 50. Kh2 Be5 51. Kg2 h4 52. Bd7 h3+ 53. Kh2
Kg5+ 54. Kg1 h2+ 55. Kg2 Rg3+ 0-1

[Event "Manhem IM Swiss"]
[Site "?"]
[Date "1999.06.20"]
[Round "9"]
[White "Berg, Emanuel"]
[Black "Grabliauskas, Virginijus"]
[Result "0-1"]
[WhiteElo "2364"]
[BlackElo "2455"]
[PlyCount "77"]
[EventDate "1999.06.12"]
[EventRounds "9"]

1. e4 c5 2. Nf3 e6 3. d4 cxd4 4. Nxd4 Nc6 5. Nc3 Qc7 6. f4 a6 7. Be3 b5 8. Nf3
Nf6 9. Nd2 d5 10. exd5 exd5 11. Nb3 Bd6 12. Nxd5 Nxd5 13. Qxd5 O-O 14. Qd2 Re8
15. O-O-O Nb4 16. Na1 Nxa2+ 17. Kb1 Bb4 18. Qd4 Bg4 19. Bd3 Bxd1 20. Rxd1 Rac8
21. Kxa2 Qa5+ 22. Kb1 Bc5 23. Qxc5 Rxc5 24. Nb3 Qc7 25. Bxc5 Qxf4 26. g3 Qf3
27. Rf1 Qg2 28. Rf2 Re1+ 29. Ka2 Qd5 30. Rd2 Qa8 31. Bb4 g6 32. Bc3 h5 33. h3
Qb8 34. g4 b4 35. Bd4 h4 36. Bf2 Rh1 37. Bxh4 Qe8 38. Nc5 Qe3 39. Be4 0-1

[Event "Manhem IM Swiss"]
[Site "?"]
[Date "1999.06.20"]
[Round "9"]
[White "Koehn, Peter"]
[Black "Holmsten, Aleksei"]
[Result "1-0"]
[WhiteElo "2350"]
[BlackElo "2373"]
[PlyCount "89"]
[EventDate "1999.06.12"]
[EventRounds "9"]

1. c4 Nf6 2. Nc3 g6 3. e4 c5 4. g3 Nc6 5. Bg2 Bg7 6. Nge2 O-O 7. O-O d6 8. d3
Rb8 9. h3 e6 10. Be3 a6 11. a4 Qb6 12. Rb1 Ne8 13. Qd2 f5 14. Rfd1 Bd7 15. d4
cxd4 16. Nxd4 Nxd4 17. Bxd4 Bxd4 18. Qxd4 Qxd4 19. Rxd4 e5 20. Rd2 Be6 21. exf5
gxf5 22. Bd5 Kf7 23. Re1 Nf6 24. f4 Bxd5 25. fxe5 Bxc4 26. exf6 Kxf6 27. Rxd6+
Kg7 28. Re7+ Rf7 29. Rxf7+ Bxf7 30. Kf2 b5 31. a5 Rc8 32. Rxa6 b4 33. Nd1 Rc2+
34. Kf3 Bh5+ 35. g4 fxg4+ 36. hxg4 Be8 37. Rd6 Rc5 38. a6 Ra5 39. Rb6 Bb5 40.
Ne3 Bxa6 41. Nf5+ Kf7 42. Kf4 Bd3 43. Rb7+ Kf6 44. g5+ Ke6 45. Re7+ 1-0

[Event "Manhem IM Swiss"]
[Site "?"]
[Date "1999.06.20"]
[Round "9"]
[White "Moberg, Karl Johan"]
[Black "Bekker-Jensen, David"]
[Result "0-1"]
[WhiteElo "2337"]
[BlackElo "2263"]
[PlyCount "78"]
[EventDate "1999.06.12"]
[EventRounds "9"]

1. e4 c5 2. Nf3 d6 3. d4 Nf6 4. Nc3 cxd4 5. Nxd4 a6 6. Be3 e5 7. Nb3 Be6 8. f3
h5 9. Be2 Be7 10. f4 Qc7 11. Nd5 Bxd5 12. exd5 Nbd7 13. O-O Nb6 14. Bxb6 Qxb6+
15. Kh1 Qe3 16. Rf3 Qe4 17. c4 exf4 18. Qd2 Ng4 19. Rxf4 Qg6 20. Bxg4 hxg4 21.
Re1 Kf8 22. Qe2 Bf6 23. Rxg4 Qh5 24. g3 Rh6 25. Re4 Be5 26. Qxh5 Rxh5 27. Kg2
Bxb2 28. Rb1 Be5 29. Na5 b5 30. cxb5 Bc3 31. bxa6 g6 32. Nc6 Rxa6 33. a4 Rxd5
34. Rb8+ Kg7 35. Ne7 Rd4 36. Rxd4 Bxd4 37. Rb4 Bc5 38. Rc4 Kf6 39. Nd5+ Ke5 0-1

[Event "Manhem IM Swiss"]
[Site "?"]
[Date "1999.06.20"]
[Round "9"]
[White "Sakalauskas, Vaidas"]
[Black "Christensen, Tobias"]
[Result "1/2-1/2"]
[WhiteElo "2450"]
[BlackElo "2370"]
[PlyCount "86"]
[EventDate "1999.06.12"]
[EventRounds "9"]

1. d4 d5 2. c4 dxc4 3. e4 e5 4. Nf3 exd4 5. Bxc4 Bb4+ 6. Bd2 Bxd2+ 7. Nbxd2 Nc6
8. O-O Qf6 9. b4 Nge7 10. b5 Nd8 11. Nb3 O-O 12. Qxd4 Qxd4 13. Nfxd4 b6 14. Bd5
Nxd5 15. exd5 Bb7 16. Nf5 Re8 17. Rfd1 a6 18. Rac1 g6 19. Ne3 Re7 20. a4 axb5
21. axb5 Rd7 22. g4 f6 23. Nd4 Bxd5 24. Ndf5 Be6 25. Rxd7 Bxd7 26. Rxc7 Bxb5
27. Nd4 Bd3 28. f3 Ra4 29. Rd7 Nb7 30. Nd5 Nc5 31. Nxf6+ Kf8 32. Nxh7+ Kg8 33.
Nf6+ Kf8 34. Ne6+ Nxe6 35. Rxd3 Ra2 36. Ne4 Ke7 37. Nc3 Rb2 38. Nd5+ Kf7 39. h4
b5 40. Ra3 Nd4 41. Nf4 b4 42. Rd3 Rd2 43. Kf1 Rxd3 1/2-1/2

[Event "Manhem IM Swiss"]
[Site "?"]
[Date "1999.06.20"]
[Round "9"]
[White "Tetenkina, Irina"]
[Black "Gullaksen, Eirik"]
[Result "0-1"]
[WhiteElo "2085"]
[BlackElo "2367"]
[PlyCount "72"]
[EventDate "1999.06.12"]
[EventRounds "9"]

1. e4 c5 2. Nf3 e6 3. Nc3 Nc6 4. d3 d6 5. g3 Nge7 6. Bg2 Nd4 7. O-O g6 8. Be3
Bg7 9. Qd2 O-O 10. Rae1 Rb8 11. a4 a6 12. Ne2 e5 13. c3 Nxe2+ 14. Rxe2 Bg4 15.
Ra1 f5 16. Ree1 f4 17. gxf4 exf4 18. Bxf4 Bxf3 19. Bxf3 g5 20. Bxg5 Rxf3 21.
Qe2 Rf7 22. Kh1 Qd7 23. Rg1 Ng6 24. Be3 Rbf8 25. Rg3 Nf4 26. Qd2 Nh5 27. Rg5
Qh3 28. Rag1 Qf3+ 29. R1g2 Kh8 30. R5g4 Be5 31. Bh6 Nf4 32. R4g3 Qh5 33. Bxf8
Nxg2 34. Bxd6 Bxg3 35. fxg3 Ne3 36. Bf4 Qf3+ 0-1